<?xml version="1.0" encoding="UTF-8"?>
<marc:record xmlns:marc="http://www.loc.gov/MARC21/slim">
   <marc:leader>00000nam a2200000 a 4500</marc:leader>
   <marc:datafield ind1="1" ind2=" " tag="100">
      <marc:subfield code="a">Ahnhem, Stefan</marc:subfield>
      <marc:subfield code="4">aut</marc:subfield>
      <marc:subfield code="e">Verfasser/-in</marc:subfield>
   </marc:datafield>
   <marc:datafield ind1="0" ind2="0" tag="245">
      <marc:subfield code="a">Meeressarg</marc:subfield>
   </marc:datafield>
   <marc:datafield ind1="0" ind2="0" tag="245">
      <marc:subfield code="b">Kriminalroman</marc:subfield>
   </marc:datafield>
   <marc:datafield ind1="0" ind2="0" tag="245">
      <marc:subfield code="c">Stefan Ahnhem ; aus dem Schwedischen von Katrin Frey</marc:subfield>
   </marc:datafield>
   <marc:datafield ind1=" " ind2="1" tag="264">
      <marc:subfield code="a">Berlin</marc:subfield>
      <marc:subfield code="b">Ullstein</marc:subfield>
      <marc:subfield code="c">2021</marc:subfield>
   </marc:datafield>
   <marc:datafield ind1="1" ind2=" " tag="520">
      <marc:subfield code="a">Quelle: bn.bibliotheksnachrichten (http://www.biblio.at/literatur/bn/index.html); #Autor: Michael Wildauer; #Das brutale Finale der Thrillerserie aus Skandinavien. (DR)#2014 erschien der erste Roman mit Kommissar Fabian Risk, und mit dem sechsten Teil endet (wahrscheinlich) die Serie um den unglücklichen Polizisten aus Schweden. Wobei der Großteil in Dänemark spielt, wo sein böser Gegenspieler Kim Sleizer, immerhin Polizeichef von Kopenhagen, wie die Spinne im Netz sitzt. Die Zutaten bleiben gleich: Die Helden müssen entsetzlich leiden. Wenn sie nicht sterben, sterben Leute, die sie lieben, bzw. werden verletzt, vergewaltigt oder gesellschaftlich geächtet. Man möchte kein Held sein in diesem typischen Skandinavienthriller.#Ahnhem hat zuvor Mankell-Romane verfilmt und bleibt dem Genre treu, allerdings muss er  moderner  noch mehr Gewalt und noch mehr Plot-Twists einbauen. Das geht zwar auf Kosten der Logik, aber einmal abgesehen davon, dass man manchmal Zahnweh bekommt vor lauter Unglaubwürdigkeiten, sind die Handlungsstränge so kunstvoll verwoben, dass es zum finalen Showdown kommen kann, und der ist wirklich ausgezeichnet. Sleizner, von den eigenen Leuten nun doch verdächtigt, von der ehemaligen Kollegin Dunja Hougard gejagt und von Risk bedrängt, bietet alle Mittel auf, um Sieger zu bleiben, und er hat viele Mittel.#Fazit: rascher, spannungsgeladener Thriller, bei dem man sich nie fragen darf, warum alle Reichen Perverse sind und alle Guten dumm wie Stroh. Das macht einen Großteil der Emotion beim Lesen aus, dieses Gefühl, das man von Horrorfilmen kennt: Nein, geh nicht allein in den Keller! Und er macht es doch...</marc:subfield>
   </marc:datafield>
   <marc:datafield ind1=" " ind2=" " tag="020">
      <marc:subfield code="a">9783864931727</marc:subfield>
      <marc:subfield code="9">9783864931727</marc:subfield>
   </marc:datafield>
   <marc:datafield ind1=" " ind2=" " tag="041">
      <marc:subfield code="a">ger</marc:subfield>
   </marc:datafield>
   <marc:datafield ind1=" " ind2=" " tag="300">
      <marc:subfield code="a">506 Seiten</marc:subfield>
   </marc:datafield>
</marc:record>
